Women European Volleyball Championship Top 4 Positions - Statistics

General Stats
  • This quiz has been taken 162 times
  • The average score is 16 of 20
Answer Stats
Answer % Correct
Italy
99%
Serbia
97%
Russia
96%
Poland
95%
Netherlands
94%
Germany
93%
Turkey
93%
France
86%
Belgium
84%
Soviet Union
83%
Bulgaria
82%
Romania
76%
Czechoslovakia
73%
Czech Republic
73%
Yugoslavia
71%
Croatia
67%
Hungary
67%
Ukraine
67%
East Germany
60%
Azerbaijan
44%
No matching quizzes found
Score Distribution
Percent of People with Each Score
Percentile by Number Answered
Your Score History
You have not taken this quiz